| 000 | 00392 a2200145 4500 | ||
|---|---|---|---|
| 003 | Nust | ||
| 005 | 20170207154035.0 | ||
| 040 | _cNust | ||
| 100 | _aYouxin Mao | ||
| 245 |
_aBiomedical Imaging (E-Book) _cYouxin Mao |
||
| 260 |
_aIndia _bIn-Teh _c© 2010 |
||
| 300 | _aviii,100 P; | ||
| 505 | _aVolumetric Image Registration of Multi-modality Images of CT, MRI and PET (Page-1) | ||
| 651 | _a(E-Book) | ||
| 942 |
_2ddc _cBK |
||
| 999 |
_c192361 _d192361 |
||